| Tag |
First Indicator |
Second Indicator |
Subfields |
| LEADER |
00000pam a2200000 a 4500 |
| 001 |
in00002017005 |
| 005 |
20151031144601.0 |
| 008 |
011224m20049999gw a bf 001 0 eng |
| 015 |
|
|
|a GBA2Y7312
|2 bnb
|
| 016 |
7 |
|
|a 009727472
|2 Uk
|
| 020 |
|
|
|a 3527402292 (v. 1)
|
| 020 |
|
|
|a 3527404082 (v. 2)
|
| 035 |
|
|
|a (OCoLC)ocm56807461
|
| 040 |
|
|
|a UKM
|c UKM
|d TXA
|d UtOrBLW
|
| 049 |
|
|
|a TXAM
|
| 082 |
0 |
4 |
|a 621.3815
|2 22
|
| 090 |
|
|
|a TK7872.S8
|b S64 2004
|
| 245 |
0 |
4 |
|a The SQUID handbook /
|c J. Clarke, A.I. Braginski, eds.
|
| 264 |
|
1 |
|a Weinheim ;
|a [Cambridge] :
|b Wiley-VCH,
|c [2004-]
|
| 264 |
|
4 |
|c ©2004-
|
| 300 |
|
|
|a 2 volumes :
|b illustrations ;
|c 25 cm.
|
| 336 |
|
|
|a text
|b txt
|2 rdacontent
|
| 337 |
|
|
|a unmediated
|b n
|2 rdamedia
|
| 338 |
|
|
|a volume
|b nc
|2 rdacarrier
|
| 504 |
|
|
|a Includes bibliographical references and index.
|
| 505 |
1 |
|
|a v. 1. Fundamentals and technology of SQUIDS and SQUID systems -- v. 2. Applications of SQUIDS and SQUID systems.
|
| 650 |
|
0 |
|a Superconducting quantum interference devices
|v Handbooks, manuals, etc.
|
| 650 |
|
0 |
|a Superconductivity
|v Handbooks, manuals, etc.
|
| 700 |
1 |
|
|a Clarke, John,
|d 1942-
|
| 700 |
1 |
|
|a Braginski, A. I.
|q (Alex I.)
|
| 740 |
0 |
2 |
|a Fundamentals and technology of SQUIDS and SQUID systems.
|
| 994 |
|
|
|a E0
|b TXA
|
| 948 |
|
|
|a cataloged
|b h
|c 2004/12/1
|d c
|e bhartsfi
|f 11:18:22 am
|
| 999 |
|
|
|a MARS
|
| 999 |
f |
f |
|s 701d2112-79a1-3f40-a0a7-e4c1be52b11b
|i 332cde48-bfaa-36c5-a788-b6cfa8bfcfc7
|t 0
|
| 952 |
f |
f |
|p ric
|a Texas A&M University
|b Rellis Campus
|c Joint Library Facility
|d Remote Storage
|t 0
|e TK7872.S8 S64 2004
|h Library of Congress classification
|i unmediated -- volume
|k v.1
|m A14831647769
|
| 952 |
f |
f |
|p ric
|a Texas A&M University
|b Rellis Campus
|c Joint Library Facility
|d Remote Storage
|t 0
|e TK7872.S8 S64 2004
|h Library of Congress classification
|i unmediated -- volume
|k v.2
|m A14835461783
|
| 998 |
f |
f |
|a TK7872.S8 S64 2004
|s v.1-2
|t 0
|l Remote Storage
|